<?xml version="1.0" encoding="UTF-8"?>
<record
    xmlns:xsi="http://www.w3.org/2001/XMLSchema-instance"
    xsi:schemaLocation="http://www.loc.gov/MARC21/slim http://www.loc.gov/standards/marcxml/schema/MARC21slim.xsd"
    xmlns="http://www.loc.gov/MARC21/slim">

  <leader>00904nam a22001577a 4500</leader>
  <controlfield tag="003">OSt</controlfield>
  <controlfield tag="005">20160105153458.0</controlfield>
  <controlfield tag="008">160105b        xxu||||| |||| 00| 0 eng d</controlfield>
  <datafield tag="040" ind1=" " ind2=" ">
    <subfield code="c">RUA</subfield>
  </datafield>
  <datafield tag="082" ind1=" " ind2=" ">
    <subfield code="a">LMA MIN 2011 B308 Or.1</subfield>
  </datafield>
  <datafield tag="100" ind1=" " ind2=" ">
    <subfield code="9">6051</subfield>
    <subfield code="a">MIN, SAMEN.</subfield>
  </datafield>
  <datafield tag="245" ind1=" " ind2=" ">
    <subfield code="a">Commune land use planning in battrng, battrang thom kaeut, battrng thom lech village, mongkol borei district, banteay mean chey province, &#x1780;&#x17B6;&#x179A;&#x179A;&#x17C0;&#x1794;&#x1785;&#x17C6;&#x1795;&#x17C2;&#x1793;&#x1780;&#x17B6;&#x179A;&#x1794;&#x17D2;&#x179A;&#x17BE;&#x1794;&#x17D2;&#x179A;&#x17B6;&#x179F;&#x17CB;&#x178A;&#x17B8;&#x1792;&#x17D2;&#x179B;&#x17B8;&#x1790;&#x17D2;&#x1793;&#x17B6;&#x1780;&#x17CB;&#x1783;&#x17BB;&#x17C6; &#x1780;&#x17D2;&#x1793;&#x17BB;&#x1784;&#x1797;&#x17BC;&#x1798;&#x17B7;&#x1794;&#x178F;&#x17CB;&#x178F;&#x17D2;&#x179A;&#x1784;&#x17CB; &#x1797;&#x17BC;&#x1798;&#x17B7;&#x1794;&#x178F;&#x17CB;&#x178F;&#x17D2;&#x179A;&#x1784;&#x17CB;&#x1792;&#x17C6;&#x1780;&#x17BE;&#x178F; &#x1797;&#x17BC;&#x1798;&#x17B7;&#x1794;&#x178F;&#x17CB;&#x178F;&#x17D2;&#x179A;&#x1784;&#x1792;&#x17C6;&#x179B;&#x17B7;&#x1785; &#x1793;&#x17C5;&#x1783;&#x17BB;&#x17C6;&#x1794;&#x178F;&#x17CB;&#x178F;&#x17D2;&#x179A;&#x1784;&#x17CB; &#x179F;&#x17D2;&#x179A;&#x17BB;&#x1780;&#x1794;&#x1784;&#x17D2;&#x1782;&#x179B;&#x1794;&#x17BB;&#x179A;&#x17B8; &#x1781;&#x17C1;&#x178F;&#x17D2;&#x178F;&#x1794;&#x1793;&#x17D2;&#x1791;&#x17B6;&#x1799;&#x1798;&#x17B6;&#x1793;&#x1787;&#x17D0;&#x1799;</subfield>
  </datafield>
  <datafield tag="260" ind1=" " ind2=" ">
    <subfield code="a">Phnom Penh</subfield>
    <subfield code="b">RUA</subfield>
    <subfield code="c">2011</subfield>
  </datafield>
  <datafield tag="300" ind1=" " ind2=" ">
    <subfield code="a">x; 52p.</subfield>
    <subfield code="b">ill.</subfield>
    <subfield code="c">29cm.</subfield>
  </datafield>
  <datafield tag="942" ind1=" " ind2=" ">
    <subfield code="2">ddc</subfield>
    <subfield code="c">LMA</subfield>
  </datafield>
  <datafield tag="999" ind1=" " ind2=" ">
    <subfield code="c">5647</subfield>
    <subfield code="d">5647</subfield>
  </datafield>
  <datafield tag="952" ind1=" " ind2=" ">
    <subfield code="0">0</subfield>
    <subfield code="1">0</subfield>
    <subfield code="2">ddc</subfield>
    <subfield code="4">0</subfield>
    <subfield code="6">LMA_MIN_2011_000000000000000_B308_OR_1</subfield>
    <subfield code="7">0</subfield>
    <subfield code="9">30716</subfield>
    <subfield code="a">LBB</subfield>
    <subfield code="b">LBB</subfield>
    <subfield code="c"> 	B308</subfield>
    <subfield code="d">2016-01-05</subfield>
    <subfield code="o">LMA MIN 2011 B308 Or.1</subfield>
    <subfield code="p">RUA019750</subfield>
    <subfield code="r">2016-01-05</subfield>
    <subfield code="w">2016-01-05</subfield>
    <subfield code="y">LMA</subfield>
  </datafield>
  <datafield tag="952" ind1=" " ind2=" ">
    <subfield code="0">0</subfield>
    <subfield code="1">0</subfield>
    <subfield code="2">ddc</subfield>
    <subfield code="4">0</subfield>
    <subfield code="6">LMA_MIN_2011_000000000000000_B308_OR_2</subfield>
    <subfield code="7">0</subfield>
    <subfield code="9">30717</subfield>
    <subfield code="a">LBB</subfield>
    <subfield code="b">LBB</subfield>
    <subfield code="c"> 	B308</subfield>
    <subfield code="d">2016-01-05</subfield>
    <subfield code="o">LMA MIN 2011 B308 Or.2</subfield>
    <subfield code="p">RUA019751</subfield>
    <subfield code="r">2016-01-05</subfield>
    <subfield code="w">2016-01-05</subfield>
    <subfield code="y">LMA</subfield>
  </datafield>
  <datafield tag="952" ind1=" " ind2=" ">
    <subfield code="0">0</subfield>
    <subfield code="1">0</subfield>
    <subfield code="2">ddc</subfield>
    <subfield code="4">0</subfield>
    <subfield code="6">LMA_MIN_2011_000000000000000_B308_OR_3</subfield>
    <subfield code="7">0</subfield>
    <subfield code="9">30718</subfield>
    <subfield code="a">LBB</subfield>
    <subfield code="b">LBB</subfield>
    <subfield code="c"> 	B308</subfield>
    <subfield code="d">2016-01-05</subfield>
    <subfield code="o">LMA MIN 2011 B308 Or.3</subfield>
    <subfield code="p">RUA025815</subfield>
    <subfield code="r">2016-01-05</subfield>
    <subfield code="w">2016-01-05</subfield>
    <subfield code="y">LMA</subfield>
  </datafield>
  <datafield tag="952" ind1=" " ind2=" ">
    <subfield code="0">0</subfield>
    <subfield code="1">0</subfield>
    <subfield code="2">ddc</subfield>
    <subfield code="4">0</subfield>
    <subfield code="6">LMA_MIN_2011_000000000000000_B308_OR_4</subfield>
    <subfield code="7">0</subfield>
    <subfield code="9">30719</subfield>
    <subfield code="a">LBB</subfield>
    <subfield code="b">LBB</subfield>
    <subfield code="c"> 	B308</subfield>
    <subfield code="d">2016-01-05</subfield>
    <subfield code="o">LMA MIN 2011 B308 Or.4</subfield>
    <subfield code="p">RUA025671</subfield>
    <subfield code="r">2016-01-05</subfield>
    <subfield code="w">2016-01-05</subfield>
    <subfield code="y">LMA</subfield>
  </datafield>
  <datafield tag="952" ind1=" " ind2=" ">
    <subfield code="0">0</subfield>
    <subfield code="1">0</subfield>
    <subfield code="2">ddc</subfield>
    <subfield code="4">0</subfield>
    <subfield code="6">LMA_MIN_2011_000000000000000_B308_OR_5</subfield>
    <subfield code="7">0</subfield>
    <subfield code="9">30720</subfield>
    <subfield code="a">LBB</subfield>
    <subfield code="b">LBB</subfield>
    <subfield code="c"> 	B308</subfield>
    <subfield code="d">2016-01-05</subfield>
    <subfield code="l">1</subfield>
    <subfield code="o">LMA MIN 2011 B308 Or.5</subfield>
    <subfield code="p">RUA025743</subfield>
    <subfield code="r">2025-06-07</subfield>
    <subfield code="s">2025-02-24</subfield>
    <subfield code="w">2016-01-05</subfield>
    <subfield code="y">LMA</subfield>
  </datafield>
  <datafield tag="952" ind1=" " ind2=" ">
    <subfield code="0">0</subfield>
    <subfield code="1">0</subfield>
    <subfield code="2">ddc</subfield>
    <subfield code="4">0</subfield>
    <subfield code="6">LMA_MIN_2011_000000000000000_B308_OR_6</subfield>
    <subfield code="7">0</subfield>
    <subfield code="9">30721</subfield>
    <subfield code="a">LBB</subfield>
    <subfield code="b">LBB</subfield>
    <subfield code="c"> 	B308</subfield>
    <subfield code="d">2016-01-05</subfield>
    <subfield code="o">LMA MIN 2011 B308 Or.6</subfield>
    <subfield code="p">RUA025619</subfield>
    <subfield code="r">2016-01-05</subfield>
    <subfield code="w">2016-01-05</subfield>
    <subfield code="y">LMA</subfield>
  </datafield>
  <datafield tag="952" ind1=" " ind2=" ">
    <subfield code="0">0</subfield>
    <subfield code="1">0</subfield>
    <subfield code="2">ddc</subfield>
    <subfield code="4">0</subfield>
    <subfield code="6">LMA_MIN_2011_000000000000000_B308_OR_7</subfield>
    <subfield code="7">0</subfield>
    <subfield code="9">30722</subfield>
    <subfield code="a">LBB</subfield>
    <subfield code="b">LBB</subfield>
    <subfield code="c"> 	B308</subfield>
    <subfield code="d">2016-01-05</subfield>
    <subfield code="o">LMA MIN 2011 B308 Or.7</subfield>
    <subfield code="p">RUA019606</subfield>
    <subfield code="r">2016-01-05</subfield>
    <subfield code="w">2016-01-05</subfield>
    <subfield code="y">LMA</subfield>
  </datafield>
  <datafield tag="952" ind1=" " ind2=" ">
    <subfield code="0">0</subfield>
    <subfield code="1">0</subfield>
    <subfield code="2">ddc</subfield>
    <subfield code="4">0</subfield>
    <subfield code="6">LMA_MIN_2011_000000000000000_B308_OR_8</subfield>
    <subfield code="7">0</subfield>
    <subfield code="9">30723</subfield>
    <subfield code="a">LBB</subfield>
    <subfield code="b">LBB</subfield>
    <subfield code="c"> 	B308</subfield>
    <subfield code="d">2016-01-05</subfield>
    <subfield code="l">5</subfield>
    <subfield code="o">LMA MIN 2011 B308 Or.8</subfield>
    <subfield code="p">RUA019678</subfield>
    <subfield code="r">2023-05-03</subfield>
    <subfield code="s">2023-04-05</subfield>
    <subfield code="w">2016-01-05</subfield>
    <subfield code="y">LMA</subfield>
  </datafield>
  <datafield tag="952" ind1=" " ind2=" ">
    <subfield code="0">0</subfield>
    <subfield code="1">0</subfield>
    <subfield code="2">ddc</subfield>
    <subfield code="4">0</subfield>
    <subfield code="6">LMA_MIN_2011_000000000000000_B308_OR_9</subfield>
    <subfield code="7">0</subfield>
    <subfield code="9">30724</subfield>
    <subfield code="a">LBB</subfield>
    <subfield code="b">LBB</subfield>
    <subfield code="c"> 	B308</subfield>
    <subfield code="d">2016-01-05</subfield>
    <subfield code="o">LMA MIN 2011 B308 Or.9</subfield>
    <subfield code="p">RUA019679</subfield>
    <subfield code="r">2016-01-05</subfield>
    <subfield code="w">2016-01-05</subfield>
    <subfield code="y">LMA</subfield>
  </datafield>
</record>
